Ιστορία της αυτοκρατορίας της Ρωσίας

Αποθηκεύτηκε σε:
Λεπτομέρειες βιβλιογραφικής εγγραφής
Κύριος συγγραφέας: Karamzin, Nikolai Mikhailovich, 1766-1826
Άλλοι συγγραφείς: Κροκίδας, Κωνσταντίνος Σ. (Μεταφραστής)
Μορφή: Βιβλίο
Γλώσσα:Greek
Russian
Δημοσίευση: Αθήνησι : Τύποις Χ. Νικολαίδου Φιλαδέλφεως, 1857.
Θέματα:
Ετικέτες: Προσθήκη ετικέτας
Δεν υπάρχουν, Καταχωρήστε ετικέτα πρώτοι!

MARC

LEADER 00000cam a2200000 i 4500
001 1/3665
008 100126s1857 gr | ||| |||| ||gre||
035 |l 10106454 
040 |a GR-MyUA  |b gre  |e AACR2 
041 0 |a gre  |h rus 
082 0 |a 947  |2 (22) 
100 1 |a Karamzin, Nikolai Mikhailovich,   |d 1766-1826. 
245 1 0 |a Ιστορία της αυτοκρατορίας της Ρωσίας /   |c Νικολάου Καραμζινού ; εξελληνισθείσα εκ του γαλλικού, παραβληθέντος προς το ρωσσικόν πρωτότυπον υπό Κωνσταντίνου Σ. Κροκίδα.  
260 |a Αθήνησι :   |b Τύποις Χ. Νικολαίδου Φιλαδέλφεως,   |c 1857.  
300 |a τ.7 (236 σ.) ;   |c 22 εκ.  
651 0 |a Russia  |x History. 
700 1 |a Κροκίδας, Κωνσταντίνος Σ.  |e trl 
852 |a INST  |b SAMOS  |e 20100126  |h 947 KAR  |p 005300030774  |q 005300030774  |t CLO  |v τ.7:  |y 23  |z τ.7 
853 |a INST  |b SAMOS  |h 947 KAR 
901 |a BIBL3-2010-1 
909 |a Σ  |b 158626 
970 |a ΡΟΥΣΣΟΥ  |b ΚΩΝΣΤΑΝΤΙΝΑ  |z 2010/01/26